| 000 | 00923nac a22002411u 4500 | ||
|---|---|---|---|
| 010 | _a 2004112925 | ||
| 020 | _a0324321597 | ||
| 035 | _a(OCoLC)ocm57674509 | ||
| 082 | 0 | 4 |
_a330 _bMCE |
| 090 |
_c9016 _d9016 |
||
| 100 | _aMcEachern, William A. | ||
| 245 | 1 | 0 |
_aEconomics : _ba contemporary introduction / _cWilliam A. McEachern. |
| 250 |
_a7th ed. _bInternational Student ed. |
||
| 260 |
_aMason, Ohio : _bThomson/South-Western,c2006. _cc2006. |
||
| 300 |
_axxxii, 766 : _bill. ; _c26 cm. |
||
| 500 | _aDistributer: Dar Fathi Taha Mohamed Desouki.. | ||
| 504 | _aIncludes bibliographical references and index. | ||
| 511 | _aCatalogued By: Mahitab. | ||
| 650 | 0 | _aEconomics. | |
| 856 | 4 | 1 |
_3Table of contents _uhttp://www.loc.gov/catdir/toc/fy054/2004112925.html |
| 942 |
_cBB _k330MCE |
||
| 999 |
_c9016 _d9016 |
||